000 01121nam a22002537a 4500
999 _c64666
_d64666
005 20240530110743.0
008 181108s2017 ua a f b 000 0|ara d
017 _a2016/13884
_bمصر. دار الكتب
020 _a9789772122660
040 _aEG-CaGPL
_cEG-CaGPL
082 0 4 _221
_a657.42 /
_bأ م
100 0 _aانور احمد الشبراوى
245 1 0 _aالمحاسبة الابداعية :
_bحل مشاكل التعثر المصرفى - تحقيق الميزة التنافسية - نظام حماية الودائع - اعداد القوائم المالية /
_cانور احمد الشبراوى
260 _aالاسكندرية :
_bمؤسسة شباب الجامعة ،
_c2017.
300 _a363 ص. :
_bجداول ؛
_c24 سم.
504 _aيشتمل على ارجاعات ببليوجرافية
650 0 7 _2qrmak
_aالمحاسبة
650 0 7 _2qrmak
_aالحسابات الالكترونية
650 0 7 _2qrmak
_aالمحاسبة الالية
651 _2qrmak
653 0 _aالمحاسبة الابداعية
942 _2ddc
_cBK